000
00262nam a2200097Ia 4500
001
642045
005
20250826153519.0
008
250824s9999 xx 000 0 und d
245
0
_a
LEVENT TÜRKİYEYİ GEZİYORUM BOLUDA
_c
MUSTAFA ORAKÇI
260
_b
TİMAŞ ÇOCUK
999
_c
642045
_d
642045